000 00466nam a2200193Ia 4500
005 20251020182554.0
008 200515s9999 xx 000 0 und d
082 _aR/682/O28/4
110 _aEdiciones Océano
245 0 _aBiblioteca Atrium de la Herrería : Carpintería metálica
260 _aBarcelona
260 _c1994
300 _a117
650 _aALUMINIO
650 _aCARPINTERIA METALICA
650 _aLIB
650 _aVENTANAS
942 _cLIB
999 _c2817
_d2817